Elaboración de una guía metodológica del uso de estaciones totales en trabajos planimétricos
Presenta una guía metodológica del uso y manejo de estaciones totales, tales como: Sokkia, Leica y Trimble. La guía metodológica servirá de material de aprendizaje a los estudiantes ya que les dará los conocimientos previos para un mejor uso y manejo de dichos equipos y accesorios, para que te...
| Main Author: | |
|---|---|
| Other Authors: | |
| Format: | Tesis Section = Libro |
| Language: | Undetermined Spanish |
| Published: |
Managua
UNI
2019
|
| Subjects: |
| LEADER | 01308nam a2200277Ia 4500 | ||
|---|---|---|---|
| 008 | 240830s9999 xx 000 0 und d | ||
| 040 | |a BIBLIOTECA-RUPAP Mon 526.9 S112 | ||
| 041 | |a spa | ||
| 082 | |a Mon 526.9 S112 | ||
| 100 | 1 | |a Saavedra Sobalvarro, Gustavo Adolfo | |
| 245 | 1 | 0 | |a Elaboración de una guía metodológica del uso de estaciones totales en trabajos planimétricos |
| 260 | |a Managua |b UNI |c 2019 | ||
| 300 | |a 261 p. :il. | ||
| 500 | |a Contiene: anexos y CD. | ||
| 502 | |a Tesis (Ingeniero Civil)- UNI, 2019. | ||
| 520 | 3 | |a Presenta una guía metodológica del uso y manejo de estaciones totales, tales como: Sokkia, Leica y Trimble. La guía metodológica servirá de material de aprendizaje a los estudiantes ya que les dará los conocimientos previos para un mejor uso y manejo de dichos equipos y accesorios, para que tengan dominio de estos instrumentos de trabajo. La guía está orientada específicamente a trabajos topográficos de planimetría. | |
| 650 | 7 | |a TOPOGRAFIA | |
| 650 | 7 | |b INSTRUMENTOS DE MEDICION | |
| 650 | 7 | |c PLANIMETRICO | |
| 650 | 7 | |d LEVANTAMIENTO DE PLANOS | |
| 650 | 7 | |e MEDICION DE ALTITUDES | |
| 650 | 7 | |f MANUAL DE USO DEL PLANIMETRO | |
| 700 | 1 | |a Tutor: |b Bustamante Arteaga, José Fernando | |
| 942 | |c BK |2 ddc | ||
| 991 | |a TESIS | ||
| 999 | |c 15625 | ||